000 00708cam a22002533a 4500
001 24749
003 PGUSA
005 20140828083531.0
008 080304s2008||||xxu|||||s|||||000 1 eng d
040 _aPGUSA
_beng
042 _adc
050 4 _aPS
100 1 _aReynolds, Mack,
_d1917-1983
245 1 0 _aAdaptation
_h[electronic resource] /
_cMack Reynolds
260 _bProject Gutenberg,
_c2008
506 _aPublic domain in the USA.
516 _aElectronic text
653 _aScience fiction, American
653 _aSpace colonies -- Fiction
700 1 _aSchoenherr, John,
_d1935-2010
830 0 _aProject Gutenberg
_v24749
856 4 0 _uhttp://www.gutenberg.org/ebooks/24749
942 _cEB
999 _c254004
_d254004